| 000 | 00507nam a2200181Ia 4500 | ||
|---|---|---|---|
| 008 | 100920s9999 xx 000 0 und d | ||
| 082 |
_b32500 _a13 ढ 60 |
||
| 100 | _aRUSSELL WILLIAM HOWARD. | ||
| 245 | _aMY DIARY IN INDIA IN THE YEAR. | ||
| 260 |
_bROUTLEDGE,WARNE , LONDON. _c1860 |
||
| 300 |
_a408 _bसाधी |
||
| 365 | _b0 | ||
| 520 | _aटी.अे. | ||
| 630 | _aMY DIARY IN INDIA IN THE YEAR. | ||
| 650 | _aटी.अे. | ||
| 730 | _aMY DIARY IN INDIA IN THE YEAR. | ||
| 942 | _cBOOK | ||
| 999 |
_c687413 _d687410 |
||